NAQOOSH (Record no. 581312)
[ view plain ]
| 000 -LEADER | |
|---|---|
| fixed length control field | 00233nam a22001097a 4500 |
| 082 ## - DEWEY DECIMAL CLASSIFICATION NUMBER | |
| Classification number | 891.439 NAQ'M |
| 100 ## - MAIN ENTRY--PERSONAL NAME | |
| Personal name | MIR, TQAI MIR |
| 9 (RLIN) | 75900 |
| 245 ## - TITLE STATEMENT | |
| Title | NAQOOSH |
| 260 ## - PUBLICATION, DISTRIBUTION, ETC. | |
| Place of publication, distribution, etc. | LAHORE |
| Name of publisher, distributor, etc. | FAROOGH-E-URDU |
| Date of publication, distribution, etc. | 1980 |
| 300 ## - PHYSICAL DESCRIPTION | |
| Extent | 631P |
| 942 ## - ADDED ENTRY ELEMENTS (KOHA) | |
| Koha item type | Book |
| Withdrawn status | Lost status | Damaged status | Not for loan | Permanent Location | Current Location | Shelving location | Date acquired | Total Checkouts | Full call number | Barcode | Date last seen | Price effective from | Koha item type | Source of classification or shelving scheme | Shelving control number | Checked out | Date last checked out | Public note |
|---|---|---|---|---|---|---|---|---|---|---|---|---|---|---|---|---|---|---|
| College of Electrical & Mechanical Engineering (CEME) | College of Electrical & Mechanical Engineering (CEME) | General Stacks | 05/24/2017 | 891.439 NAQ'M | CEME-12355 | 06/28/2021 | 06/28/2021 | Book | ||||||||||
| College of Electrical & Mechanical Engineering (CEME) | College of Electrical & Mechanical Engineering (CEME) | General Stacks | 05/24/2017 | 891.439 NAQ'M | CEME-11309 | 06/28/2021 | 06/28/2021 | Book | ||||||||||
| College of Electrical & Mechanical Engineering (CEME) | College of Electrical & Mechanical Engineering (CEME) | Fiction | 05/24/2017 | 1 | 891.439 NAQ'M | CEME-11310 | 01/22/2026 | 06/28/2021 | Book | Urdu Literature | 02/21/2026 | 01/22/2026 | 1.0 |
